000 01208nam a2200337 a 4500
001 000015173
003 DO-SdBPM
005 20260127113842.0
007 ta
008 100202s2001 dr 001 0 spa d
040 _aDO-SdBPM
_bspa
_cBPMSU
_drda
082 4 _a320.97293
_bA162L 2001
_222
100 1 _aAbréu, Radamés
_eautor
_4aut.
245 1 0 _aLuchas por el poder (1924-2000) /
_cRadamés Abréu.
260 _c2001.
264 _aSanto Domingo :
_bEditora Taller,
_c20001
300 _a289 páginas ;
_c21 cm.
336 _atexto
_btxt
_2rdacontent
337 _asin mediación
_bn
_2rdamedia
338 _avolumen
_bnc
_2rdacarrier
500 _aIncluye datos biograficos del autor en la solapa de la cubierta
500 _aIncluye índice de nombres
500 _aIncluye referencias bibliográficas y notas al pie de la parte
504 _aBibliografía : páginas 291-295
590 _aInventariado, 2026/ VM
650 7 _aPartidos políticos
_zRepública Dominicana
_y1924-2000
650 7 _aLiderazgo político
_zRepública Dominicana
_y1924-2000
651 7 _aRepública Dominicana
_xPolítica Y Gobierno
_y1924-2000
910 _aVMateo V. Control de calidad BPMSU
942 _2ddc
_cBK
999 _c15630
_d15630